00396nam a2200181Ia 4500003000900000008004100009040001300050040001300063041000800076100001700084245004800101250000900149260002100158260000900179300000800188490001200196490000600208IT-RoPAU120407s9999 xx 000 0 und d aIT-RoPAU cIT-RoPAU aita aLouis Gardet aEsperienze mistiche in paesi non cristiani. aRoma aEdizioni Paoline c1960 c cm aDds, 31 v1